00672nam a2200205 a 4500008004100000020001500041050001900056100001800075245009800093260003200191300001800223350000900241490004100250500003900291650002400330650001900354650001900373650002000392650005400412060316s1978 ||||||||||||||||| || u a0070637563 aTK 7871.85 Nic aNorris, Bryan10aMicroprocessors and microcomputers and switching mode power supplies cedited by Bryan Norris aNew YorkbMcGraw-Hillc1978 a216 p. : ill. a0.00 aTexas Instruments electronics series aIncludes bibliographies and index. aINTEGRATED CIRCUITS aSEMICONDUCTORS aMICROCOMPUTERS aMICROPROCESSORS aELECTRONIC APPARATUS AND APPLIANCES--POWER SUPPLY